000 00891nam a2200265Ia 4500
003 OSt
005 20220923221010.0
006 a|||||r|||| 00| 0
007 ta
008 220922b |||||||| |||| 00| 0 hin d
024 _a193,556
037 _cTextual
040 _aARTS
_cARTS
_bhin
041 _2hin
_ahin
082 _aO152,3xN3, L2
100 _aमदान, इन्द्र नाथ, संपा.
245 0 _aकहानी
_b नयी पुरानी
246 _aKahānī: nayī purānī
250 _aसंस्क0 2
260 _aचण्डीगढ़
_b पंजाब युनि0 पब्लि0
_c1972
300 _a183पृ.
_ccm.
650 _aहिन्दी साहित्य
_9156264
942 _hO152,3xN3, L2
_cTEXL
_2CC
999 _c346004
_d346004